000 00883nam a2200265Ia 4500
005 20260121170335.0
008 008 260114s9999 xx 000 0 eng d
020 _a9783319724843
037 _aEBOOK
040 _aCRL
040 _beng
040 _cCRL
041 _2eng
041 _aeng
084 _qCRL
100 _aBowen Li, Jian Li, Shadia Ikhmayies, Mingming Zhang, Yunus Eren Kalay, John S. Carpenter, Jiann-Yang Hwang, Sergio Neves Monteiro, Donato Firrao, Andrew Brown, Chenguang Bai, Zhiwei Peng, Juan P. Escobedo-Diaz, Ramasis Goswami, Jeongguk Kim
_91062712
245 0 _aCharacterization of Minerals, Metals, and Materials 2018
260 _bSpringer
260 _bSpringer
260 _c2018
856 _uhttps://link.springer.com/openurl?genre=book&isbn=978-3-319-72484-3
942 _cEBOOK
999 _c1628441
_d1628441